000 00546nam a2200193Ia 4500
005 20250508164916.0
008 008 250505s9999 xx 000 0 eng d
037 _aDissertations
040 _aFEDL
_beng
_cFEDL
041 _aeng
_2eng
084 _a155.2, TUI/DI
_qFEDL
100 _aTuithung Mayopam W
_9779223
245 0 _aStudy of man from the biblical perspective
260 _c1999
300 _a95p.
546 _aM. Ed. Dissertation (Delhi University)
942 _cDIS
_h155.2, TUI/DI
999 _c1391948
_d1391948